Score 0/10 Timer 01:30
0 Plays Today
% Correct
Boston Public Garden
95.2%
Fenway Park
94.5%
Boston Tea Party Ships & Museum
93.1%
Museum of Fine Arts
74.5%
Samuel Adams Brewery
68.4%
Freedom Trail
67.8%
John F. Kennedy Presidential Library and Museum
65.1%
North End
61.5%
Boston Public Library
60%
Museum of Science
56.4%

Today's Daily Dose

Word Ladder
Folklore Song

Get the Picture
'B' Sanders

Remove Ads.
Support Sporcle.
Get the best of Sporcle when you Go Orange. This ad-free experience offers more features, more stats, and more fun while also helping to support Sporcle. Thank you for becoming a member.

You're not logged in!

Compare scores with friends on all Sporcle quizzes.
OR
Log In

Show Comments

Extras

Top Quizzes Today


Score Distribution

Your Account Isn't Verified!

In order to create a playlist on Sporcle, you need to verify the email address you used during registration. Go to your Sporcle Settings to finish the process.

Report this User

Report this user for behavior that violates our Community Guidelines.

Details: